000 00388nam a2200145 i 4500
001 bg
100 1 _aPAŁASIŃSKI, Zbigniew
245 0 _aZasady odwzorowań utworów przestrzennych na płaszczyźnie rysunku.
_cZ. Pałasiński.
_nCz. 2 /
250 _aWyd. 2.
260 _aKraków,
_c1992.
040 _cBPK
041 _apol
942 _cKS
008 s pl f |000 0 pol
999 _c5570
_d5570
856 _uhttp://koha.tu.koszalin.pl/cgi-bin/koha/opac-detail.pl?biblionumber=5570
_yKatalog online BPK